Biggest Cities of Iberia in 1600 with a Map - Statistics

General Stats
  • This quiz has been taken 177 times
  • The average score is 24 of 63
Answers on the Map
Answers color-coded by a green-red scale on the quiz's map according to % correct below.
 
Answer Stats
Population Cities % Correct
130,000 Lisbon
99%
38,000 Madrid
99%
32,000 Barcelona
98%
14,000 Porto
98%
62,000 Valencia
96%
69,000 Granada
94%
90,000 Seville
94%
25,000 Zaragoza
91%
55,000 Toledo
90%
31,000 Córdoba
89%
23,000 Palma de Mallorca
87%
17,000 Málaga
83%
17,000 Murcia
83%
41,000 Valladolid
72%
10,000 Pamplona
68%
10,000 Braga
65%
22,000 Salamanca
65%
10,000 Coimbra
61%
34,000 Jerez de la Frontera
59%
10,000 Jerez de los Caballeros
59%
13,000 Burgos
56%
28,000 Jaén
56%
14,000 Badajoz
53%
28,000 Segovia
43%
14,000 Ávila
36%
12,000 Évora
36%
15,000 Palencia
32%
10,000 Ciudad Real
31%
15,000 Cuenca
28%
10,000 Ronda
23%
15,000 Santarém
22%
12,000 Alcalá de Henares
20%
12,000 Alcalá la Real
20%
25,000 Écija
20%
23,000 Úbeda
20%
12,000 Xàtiva
19%
26,000 Baeza
18%
11,000 Lorca
18%
14,000 Medina del Campo
18%
20,000 Antequera
17%
10,000 Medina de Rioseco
15%
10,000 Talavera de la Reina
13%
11,000 Elvas
11%
11,000 Toro
11%
10,000 Ciudad Rodrigo
10%
12,000 Orihuela
10%
14,000 Andújar
9%
13,000 Utrera
9%
11,000 Baena
8%
16,000 Ocaña
8%
10,000 Alcázar de San Juan
6%
11,000 Cazorla
6%
15,000 Lucena
6%
12,000 Osuna
6%
10,000 Morón de la Frontera
5%
12,000 Estepa
4%
10,000 Llerena
4%
11,000 Martos
4%
10,000 Cabra
3%
10,000 Montilla
3%
13,000 Aracena
2%
10,000 Marchena
2%
10,000 Arjona
1%
No matching quizzes found
Score Distribution
Percent of People with Each Score
Percentile by Number Answered
Your Score History
You have not taken this quiz